Central/Eastern European Foods by Picture - Statistics

General Stats
  • This quiz has been taken 19 times
  • The average score is 6 of 16
Answer Stats
Picture Hint Answer % Correct
Origin: Ukrainian Borscht
94%
Origin: Austrian Wiener Schnitzel
94%
Origin: Hungarian Goulash
83%
Origin: Polish Pierogi
78%
Origin: German Späetzle
61%
Origin: Polish Kielbasa
39%
Origin: Russian Pelmeni
39%
Origin: Russian/Ukrainian/Belarusian Blini
33%
Origin: Ashkenazi Jewish Latke
28%
Origin: Russian/Ukrainian Medovik
17%
Origin: Hungarian Pogácsa
17%
Origin: Polish Bigos
11%
Origin: Polish Gołąbki
11%
Origin: Polish Kapusta
11%
Origin: Polish Pączki
11%
Origin: Russian Kasha
6%
No matching quizzes found
Score Distribution
Percent of People with Each Score
Percentile by Number Answered
Your Score History
You have not taken this quiz